| 000 | 00536nam a2200181Ia 4500 | ||
|---|---|---|---|
| 005 | 20260429112040.0 | ||
| 008 | 260429s9999||||xx |||||||||||||| ||und|| | ||
| 020 | _a9789383931934 | ||
| 041 | _aHindi | ||
| 082 |
_a891.43 _bSAR |
||
| 100 | _aसरिता | ||
| 245 | 0 |
_aदलित स्त्री विमर्श / _cसरिता |
|
| 250 | _a1st ed. | ||
| 260 |
_aदिल्ली : _bएकैडमिक पब्लिकेशन, _c2024. |
||
| 300 | _a253 p.; Hb | ||
| 650 | _aDalit literature | ||
| 942 | _cTB | ||
| 999 |
_c52079 _d52079 |
||